| 000 | 00681cab a2200217 4500 | ||
|---|---|---|---|
| 001 | WB2449-34 | ||
| 008 | 090401t1988 xxu||||| |||| 00| 0 eng d | ||
| 035 | _a(Sirsi) u88876 | ||
| 041 | _aeng | ||
| 245 | _aHoliday accommodation | ||
| 260 | _c1988 | ||
| 300 | _a(See also WB2449- ) | ||
| 350 | _a0 | ||
| 490 |
_aDoE News Release _v677 1 December 1988, 2 pages |
||
| 520 | _aThe Government is proposing that holiday cottages and individual short-let accommodation should be classed as domestic property after 1990 for rating purposes. | ||
| 650 | _aHOLIDAY ACCOMMODATION | ||
| 650 | _aREVALUATION | ||
| 690 | _aRATING AND VALUATION | ||
| 942 | _n0 | ||
| 948 | _c04/03/1997 | ||
| 999 |
_c56204 _d56204 |
||